• 首页
  • 本馆介绍
  • 公告通知
  • 最新文献
  • 馆藏检索
  • 电子资源
  • 读者导购
  • 参考咨询
  • 我的图书馆
  • 登录
  • 详细信息显示
  • 放入我的书架
  • 预约/预借图书
  • 作者相关作品
  • 分类相关作品
  • 丛书相关作品
  • 出版社相关作品

书目信息

  • 表格格式
  • 工作单格式
  • 卡片格式
书名: Modern auditing
作者: Walter G. Kell, Richard E. Ziegler.
分册号:
分册名:
出版地: Boston :
 
出版社: Warren, Gorham & Lamont
出版时间: c1980.
页数: xvii, 785 p. :
开本: 24 cm.
丛书名:
中图分类号:
科图分类号:
其他分类号: F231.6
主题词:
电子资源:
000 00744nam 2200253 i 45x0
001 E0737438889
003 OCoLC
005 20070225102412.51
008 040322s1980 maua b 001 0 eng
010    @a 79005472
020    @a0882623907.
040    @aDLC@cDLC
050 00 @aHF5667@b.K39
082    @a657/.45
090    @aE98/W63
090    @aF231.6
099    @dF231.6@ex5
100 1  @aKell, Walter Gerry,@d1921-
245 10 @aModern auditing / @cWalter G. Kell, Richard E. Ziegler.
260    @aBoston :@bWarren, Gorham & Lamont,@cc1980.
300    @axvii, 785 p. :@bill. ;@c24 cm.
504    @aIncludes bibliographical references and index.
650  0 @aAuditing.
700 1  @aZiegler, Richard E.,@ejoint author
    
    Modern auditing / / Walter G. Kell, Richard E. Ziegler.-Boston : : Warren, Gorham & Lamont, , c1980.
    xvii, 785 p. : : ill. ; ; 24 cm.
    Includes bibliographical references and index.
    
    ISBN 0882623907.
    
●
相关链接 在E读中查询图书 在五车中查询图书 在当当中查询图书 在豆瓣中查询图书


正题名:Modern auditing     索取号:F231.6/x5         预约/预借

序号 登录号 条形码 馆藏地/架位号 状态 备注
1 182951   001170592   第四借阅区/ [索取号:F231.6/x5] 在馆    
唐山师范学院图书馆 欢迎您!
大连网信软件有限公司© 版权所有